| 000 | 00376pab a2200145 454500 | ||
|---|---|---|---|
| 008 | 180718b1997 xxu||||| |||| 00| 0 eng d | ||
| 100 | _aBajaj, K.K. | ||
| 245 | _aStudent support services for inter-active communication in distance education | ||
| 260 | _c1997 | ||
| 300 | _ap.12-15 | ||
| 362 | _a3 Feb | ||
| 650 | _aEducation | ||
| 773 | _aUniversity News | ||
| 909 | _a33282 | ||
| 999 |
_c33282 _d33282 |
||